[Event "Tirol Landesliga 2223"]
[Site "Austria"]
[Date "2023.03.11"]
[Round "7.1"]
[White "Duer, Werner"]
[Black "Hess, Max"]
[Result "1/2-1/2"]
[WhiteElo "2186"]
[BlackElo "2361"]
[PlyCount "62"]
[EventDate "2022.10.01"]
[EventType "team-tourn"]
[EventRounds "9"]
[EventCountry "AUT"]
[SourceTitle "EXT 2024"]
[Source "ChessBase"]
[SourceDate "2023.10.10"]
[SourceVersion "1"]
[SourceVersionDate "2023.10.10"]
[SourceQuality "1"]
[WhiteTeam "Absam"]
[BlackTeam "Schach ohne Grenzen"]
[WhiteTeamCountry "AUT"]
[BlackTeamCountry "AUT"]

1. Nf3 d5 2. d4 Nf6 3. c4 e6 4. Nc3 a6 5. e3 Nbd7 6. b3 b6 7. Bd3 Bb7 8. 0-0 Bd6 9. Bb2 Qe7 10. cxd5 exd5 11. Ne2 Ne4 12. Ng3 g6 13. Bxe4 dxe4 14. Nd2 b5 15. d5 Be5 16. Bxe5 Qxe5 17. Ndxe4 f5 18. f4 Qxd5 19. Qxd5 Bxd5 20. Nc3 Bb7 21. Rae1 0-0-0 22. e4 fxe4 23. Ncxe4 Rhe8 24. Ng5 Rxe1 25. Rxe1 Nf6 26. h3 Nd5 27. f5 gxf5 28. Nxf5 h5 29. Ne6 Re8 30. Nfg7 Rg8 31. Nxh5 Nc3 1/2-1/2

[Event "Tirol Landesliga 2223"]
[Site "Austria"]
[Date "2023.02.12"]
[Round "6.1"]
[White "Schlosser, Philipp"]
[Black "Duer, Werner"]
[Result "1-0"]
[WhiteElo "2494"]
[BlackElo "2186"]
[PlyCount "106"]
[EventDate "2022.10.01"]
[EventType "team-tourn"]
[EventRounds "9"]
[EventCountry "AUT"]
[SourceTitle "EXT 2024"]
[Source "ChessBase"]
[SourceDate "2023.10.10"]
[SourceVersion "1"]
[SourceVersionDate "2023.10.10"]
[SourceQuality "1"]
[WhiteTeam "Schwaz"]
[BlackTeam "Absam"]
[WhiteTeamCountry "AUT"]
[BlackTeamCountry "AUT"]

1. Nf3 d5 2. g3 Nf6 3. Bg2 c6 4. 0-0 Bg4 5. d3 Nbd7 6. h3 Bxf3 7. Bxf3 e5 8. e4 dxe4 9. dxe4 Bc5 10. Qe2 0-0 11. Nd2 Qe7 12. a4 a5 13. Rd1 Qe6 14. Kg2 Nb6 15. Nb3 Bb4 16. Bd2 Bxd2 17. Qxd2 Nc4 18. Qc3 Nd6 19. Nc5 Qe7 20. Rd3 b6 21. Rad1 Rfd8 22. Nb3 c5 23. Nd2 g6 24. Nc4 Nxc4 25. Qxc4 Rd4 26. Qb5 Qc7 27. c3 Rdd8 28. R1d2 Kg7 29. Qc4 Qe7 30. h4 h5 31. Bd1 Rxd3 32. Qxd3 Ra7 33. Bb3 Rd7 34. Bd5 Rd6 35. b3 Ng4 36. f3 Nf6 37. Qe3 Rd8 38. c4 Nh7 39. Rf2 Rd6 40. Rf1 Nf8 41. f4 exf4 42. Qc3+ f6 43. gxf4 Qd7 44. Qg3 Qg4 45. Qxg4 hxg4 46. e5 Rd7 47. exf6+ Kxf6 48. Kg3 Ne6 49. Kxg4 Nd4 50. Re1 Rd8 51. Re5 Rh8 52. Be4 Ne6 53. Rd5 Ke7 1-0

[Event "Tirol Landesliga 2223"]
[Site "Austria"]
[Date "2022.11.27"]
[Round "4.1"]
[White "Reich, Thomas"]
[Black "Duer, Werner"]
[Result "1-0"]
[WhiteElo "2346"]
[BlackElo "2186"]
[PlyCount "89"]
[EventDate "2022.10.01"]
[EventType "team-tourn"]
[EventRounds "9"]
[EventCountry "AUT"]
[SourceTitle "EXT 2024"]
[Source "ChessBase"]
[SourceDate "2023.10.10"]
[SourceVersion "1"]
[SourceVersionDate "2023.10.10"]
[SourceQuality "1"]
[WhiteTeam "Jenbach"]
[BlackTeam "Absam"]
[WhiteTeamCountry "AUT"]
[BlackTeamCountry "AUT"]

1. c4 c5 2. g3 g6 3. Bg2 Bg7 4. Nc3 Nc6 5. Nf3 d6 6. 0-0 Nf6 7. d4 cxd4 8. Nxd4 Bd7 9. e3 0-0 10. b3 Qc8 11. Re1 Bh3 12. Bh1 Bg4 13. Qd2 Nxd4 14. exd4 Re8 15. Bb2 Rb8 16. a4 b6 17. Nb5 a6 18. Na7 Qd7 19. Nc6 Rbc8 20. d5 e5 21. a5 bxa5 22. Rxa5 Ra8 23. b4 h5 24. c5 Nh7 25. h4 Bf6 26. Be4 Bg7 27. Bg2 Bf6 28. cxd6 Qxd6 29. Qe3 e4 30. Bxf6 Nxf6 31. Qc5 Qxc5 32. bxc5 Nxd5 33. Rxe4 Nc7 34. Rb4 Re1+ 35. Kh2 Rae8 36. Rb7 Ne6 37. Bd5 Rd1 38. Nb4 Rd8 39. c6 Rc1 40. Rd7 Rb8 41. Nd3 Rc2 42. Ra2 Rc3 43. Ne5 Rb5 44. Nxg4 hxg4 45. Bxe6 1-0

[Event "Tirol Landesliga 2223"]
[Site "Austria"]
[Date "2022.11.26"]
[Round "3.1"]
[White "Polterauer, Chiara"]
[Black "Duer, Werner"]
[Result "0-1"]
[WhiteElo "2150"]
[BlackElo "2186"]
[PlyCount "130"]
[EventDate "2022.10.01"]
[EventType "team-tourn"]
[EventRounds "9"]
[EventCountry "AUT"]
[SourceTitle "EXT 2024"]
[Source "ChessBase"]
[SourceDate "2023.10.10"]
[SourceVersion "1"]
[SourceVersionDate "2023.10.10"]
[SourceQuality "1"]
[WhiteTeam "Hall/Mils"]
[BlackTeam "Absam"]
[WhiteTeamCountry "AUT"]
[BlackTeamCountry "AUT"]

1. e4 c6 2. c4 d5 3. cxd5 cxd5 4. exd5 Nf6 5. Nc3 Nxd5 6. Nf3 e6 7. d4 Bb4 8. Bd2 Nc6 9. Bd3 0-0 10. 0-0 Be7 11. Rc1 Ndb4 12. Bb1 Nxd4 13. Nxd4 Qxd4 14. Nb5 Qb6 15. Nc7 Rb8 16. Bf4 Nc6 17. Qd3 g6 18. Nb5 e5 19. Be3 Qa5 20. Qe2 a6 21. Nc3 Be6 22. Bh6 Nd4 23. Qe3 Rfe8 24. Rfe1 f6 25. Rcd1 Rbd8 26. Qg3 Bf7 27. h4 Bb4 28. Rc1 Kh8 29. h5 Rg8 30. Qh4 Qb6 31. Re3 Bxc3 32. bxc3 Nf5 33. Bxf5 gxf5 34. Rg3 f4 35. Rxg8+ Rxg8 36. c4 Qc6 37. f3 f5 38. Bg5 h6 39. Bf6+ Kh7 40. Kh2 Bxh5 41. Bxe5 Rxg2+ 42. Kxg2 Qxf3+ 43. Kg1 Qe3+ 44. Qf2 Qxc1+ 45. Kh2 Qe3 46. Qxf4 Qxf4+ 47. Bxf4 Bf7 48. a4 Bxc4 49. a5 Kg6 50. Kg3 h5 51. Bc7 Kf6 52. Kf4 Ke6 53. Bd8 Be2 54. Bh4 Bg4 55. Be1 Kd5 56. Bf2 Kc6 57. Kg3 b5 58. axb6 a5 59. Bg1 a4 60. Bc5 Kb7 61. Kh4 f4 62. Kg5 f3 63. Kh4 a3 64. Kg3 a2 65. Bd4 h4+ 0-1

[Event "Oberliga Bayern 2122"]
[Site "Bayern"]
[Date "2022.06.26"]
[Round "3.3"]
[White "Duer, Werner"]
[Black "Hoffmann, Sebastian1111"]
[Result "1/2-1/2"]
[WhiteElo "2177"]
[BlackElo "2141"]
[PlyCount "50"]
[EventDate "2021.10.24"]
[EventType "team-tourn"]
[EventRounds "9"]
[EventCountry "GER"]
[SourceTitle "EXT 2024"]
[Source "ChessBase"]
[SourceDate "2023.10.10"]
[SourceVersion "1"]
[SourceVersionDate "2023.10.10"]
[SourceQuality "1"]
[WhiteTeam "Pang/Rosenheim"]
[BlackTeam "Nuernberg NT"]
[WhiteTeamCountry "GER"]
[BlackTeamCountry "GER"]

1. Nf3 d5 2. g3 c6 3. Bg2 Bg4 4. 0-0 e6 5. d4 Nd7 6. h3 Bh5 7. c4 Bd6 8. Qb3 Qb8 9. Nc3 f5 10. Ng5 Nf8 11. cxd5 exd5 12. g4 h6 13. Nf3 fxg4 14. hxg4 Bf7 15. Re1 Nf6 16. e4 dxe4 17. Qc2 Qc7 18. Nxe4 0-0-0 19. Nxd6+ Qxd6 20. Ne5 Bd5 21. Qf5+ Be6 22. Qf3 Bd5 23. Qf5+ Be6 24. Qf3 Bd5 25. Qf5+ Be6 1/2-1/2

[Event "AUT-chT2W 2122"]
[Site "Austria"]
[Date "2022.03.12"]
[Round "10.5"]
[White "Leeb, Simon"]
[Black "Duer, Werner"]
[Result "1/2-1/2"]
[WhiteElo "2199"]
[BlackElo "2251"]
[PlyCount "159"]
[EventDate "2021.10.15"]
[EventType "team-tourn"]
[EventRounds "11"]
[EventCountry "AUT"]
[SourceTitle "EXT 2023"]
[Source "ChessBase"]
[SourceDate "2022.10.05"]
[SourceVersion "1"]
[SourceVersionDate "2022.10.05"]
[SourceQuality "1"]
[WhiteTeam "Salzburg Royal"]
[BlackTeam "Rochade Rum"]
[WhiteTeamCountry "AUT"]
[BlackTeamCountry "AUT"]

1. c3 Nf6 2. h3 c5 3. Nf3 e6 4. d3 d5 5. Bg5 Be7 6. Nbd2 Nc6 7. e4 0-0 8. Bf4 b6 9. Qc2 a5 10. h4 Nh5 11. Bh2 Nf6 12. Be2 Ba6 13. Bf4 Nh5 14. Bh2 Nf6 15. Bf4 Nh5 16. Bh2 Nf6 17. Rd1 Ng4 18. Bg3 f5 19. h5 fxe4 20. dxe4 Bxe2 21. Kxe2 Qe8 22. Qb3 Qd8 23. exd5 exd5 24. Ne4 c4 25. Qb5 Qe8 26. Qxd5+ Kh8 27. Qd7 Qxd7 28. Rxd7 Rae8 29. Re1 Bc5 30. Kf1 Ne3+ 31. fxe3 Rxe4 32. Bd6 Bxd6 33. Rxd6 Ne5 34. Kg1 Nd3 35. Rf1 Rxe3 36. Rxb6 Re2 37. b3 Rxa2 38. Ne5 Rxf1+ 39. Kxf1 Rf2+ 40. Kg1 Rf8 41. Nxc4 Nc1 42. Nxa5 Ne2+ 43. Kh2 Nxc3 44. Rc6 Nd5 45. Rc5 Nb4 46. Rc4 Nd5 47. Rd4 Nc3 48. Rc4 Nd5 49. b4 h6 50. b5 Rf5 51. g4 Rf2+ 52. Kg3 Rb2 53. Rc5 Nf6 54. Nc4 Rb4 55. Rc8+ Kh7 56. b6 Nd5 57. Rc6 Rb3+ 58. Kg2 Nf6 59. Rc7 Nd5 60. Rc6 Nf6 61. Ne5 Nd5 62. Nd7 Rb4 63. Rd6 Nxb6 64. Rxb6 Rxg4+ 65. Kh3 Rg5 66. Kh4 Rg1 67. Nf8+ Kg8 68. Ng6 Rh1+ 69. Kg4 Kf7 70. Nf4 Rg1+ 71. Kf3 Rg5 72. Ke4 Ra5 73. Rd6 Ke7 74. Rd5 Rxd5 75. Nxd5+ Ke6 76. Ne3 g6 77. hxg6 Kf6 78. g7 Kxg7 79. Nf5+ Kg6 80. Nxh6 1/2-1/2

[Event "AUT-chT2W 2122"]
[Site "Austria"]
[Date "2021.10.15"]
[Round "1.2"]
[White "Hausner, Ivan"]
[Black "Duer, Werner"]
[Result "1-0"]
[WhiteElo "2335"]
[BlackElo "2251"]
[PlyCount "27"]
[EventDate "2021.10.15"]
[EventType "team-tourn"]
[EventRounds "11"]
[EventCountry "AUT"]
[SourceTitle "CBM 204 Extra"]
[Source "ChessBase"]
[SourceDate "2021.11.30"]
[SourceVersion "1"]
[SourceVersionDate "2021.11.30"]
[SourceQuality "1"]
[WhiteTeam "Mayrhofen/Zillertal"]
[BlackTeam "Rochade Rum"]
[WhiteTeamCountry "AUT"]
[BlackTeamCountry "AUT"]

1. e4 c6 2. c4 d5 3. exd5 cxd5 4. cxd5 Nf6 5. Bb5+ Nbd7 6. Nc3 g6 7. Nf3 Bg7 8. d6 e6 9. d4 0-0 10. 0-0 Nb6 11. Bf4 a6 12. Be2 Nfd5 13. Be5 f6 14. Bg3 1-0

[Event "Oberliga Bayern 1920"]
[Site "Bayern"]
[Date "2020.09.20"]
[Round "9.4"]
[White "Duer, Werner"]
[Black "Dechant, Georg"]
[Result "1-0"]
[WhiteElo "2237"]
[BlackElo "2055"]
[PlyCount "151"]
[EventDate "2019.10.20"]
[EventType "team-tourn"]
[EventRounds "9"]
[EventCountry "GER"]
[SourceTitle "EXT 2022"]
[Source "ChessBase"]
[SourceDate "2021.10.06"]
[SourceVersion "1"]
[SourceVersionDate "2021.10.06"]
[SourceQuality "1"]
[WhiteTeam "Pang/Rosenheim"]
[BlackTeam "Regensburg Bavaria"]
[WhiteTeamCountry "GER"]
[BlackTeamCountry "GER"]

1. d4 Nf6 2. Nf3 e6 3. c4 c5 4. e3 cxd4 5. exd4 d5 6. Nc3 Nc6 7. c5 Be7 8. Bb5 0-0 9. 0-0 Bd7 10. Re1 b6 11. Bxc6 Bxc6 12. Ne5 Qc8 13. b4 bxc5 14. bxc5 Nd7 15. Bf4 Nxe5 16. Bxe5 f6 17. Bg3 e5 18. dxe5 fxe5 19. Nxd5 Bxc5 20. Rc1 Bd6 21. Bxe5 Rf5 22. Qd3 Qd7 23. Qc4 Kh8 24. Qxc6 Qxc6 25. Rxc6 Bxe5 26. Re6 Bd4 27. Re8+ Rf8 28. Rxa8 Rxa8 29. Re4 Bc5 30. Rc4 Bd6 31. g3 Kg8 32. Kg2 Rb8 33. Rc6 Be5 34. f4 Rb2+ 35. Kf3 Bd4 36. Rc8+ Kf7 37. Rc7+ Ke6 38. Ke4 Bg1 39. f5+ Kd6 40. Rxg7 Re2+ 41. Kd3 Rxh2 42. Nf4 Ke5 43. Ne2 Kf6 44. Rg8 Kf7 45. Rb8 Bb6 46. a4 Kf6 47. Rf8+ Ke7 48. Rc8 Kf6 49. a5 Bxa5 50. Nf4 Kxf5 51. Rc5+ Kg4 52. Rxa5 Kxg3 53. Ke3 Kg4 54. Rxa7 Kf5 55. Rf7+ Ke5 56. Nd3+ Ke6 57. Ra7 Rh4 58. Nf4+ Ke5 59. Ra5+ Kd6 60. Ke4 Rg4 61. Kf5 Rg8 62. Ra7 Rf8+ 63. Ke4 Re8+ 64. Kd4 Re7 65. Ra6+ Kd7 66. Nd5 Re1 67. Nf6+ Ke7 68. Ne4 Rd1+ 69. Ke5 Rd7 70. Nf6 Rb7 71. Nd5+ Kf7 72. Kf5 Kg7 73. Kg5 Rf7 74. Ne3 Rb7 75. Nf5+ Kf8 76. Ra8+ 1-0

[Event "Oberliga Bayern 1920"]
[Site "Bayern"]
[Date "2020.01.19"]
[Round "5.3"]
[White "Huch, Reiner"]
[Black "Duer, Werner"]
[Result "1/2-1/2"]
[WhiteElo "2265"]
[BlackElo "2237"]
[PlyCount "157"]
[EventDate "2019.10.20"]
[EventType "team-tourn"]
[EventRounds "9"]
[EventCountry "GER"]
[SourceTitle "EXT 2021"]
[Source "ChessBase"]
[SourceDate "2020.10.23"]
[SourceVersion "1"]
[SourceVersionDate "2020.10.23"]
[SourceQuality "1"]
[WhiteTeam "Trostberg"]
[BlackTeam "Pang/Rosenheim"]
[WhiteTeamCountry "GER"]
[BlackTeamCountry "GER"]

1. d4 Nf6 2. Bg5 d5 3. e3 e6 4. Nd2 Be7 5. Bd3 Nbd7 6. Ngf3 c5 7. c3 b6 8. 0-0 Bb7 9. Qb1 h6 10. Bh4 a5 11. Rd1 0-0 12. a4 Nh5 13. Bxe7 Qxe7 14. Bb5 Nhf6 15. h3 Rfd8 16. Be2 Rac8 17. b3 g6 18. Qb2 e5 19. dxe5 Nxe5 20. Nxe5 Qxe5 21. Bf3 Ba6 22. Re1 Bd3 23. Rad1 Rd6 24. Qc1 Rcd8 25. c4 dxc4 26. Nxc4 Bxc4 27. Rxd6 Rxd6 28. Qxc4 Rd2 29. Qb5 Qd6 30. Kh1 Rxf2 31. Rd1 Qg3 32. Qc6 Kg7 33. Kg1 Rb2 34. Qxb6 Qf2+ 35. Kh1 Nh5 36. Qxc5 Ng3+ 37. Kh2 Qxf3 38. Qc3+ Qf6 39. Qxf6+ Kxf6 40. Kxg3 Rxb3 41. Rd5 Rxe3+ 42. Kf2 Re5 43. Rd6+ Kg5 44. Ra6 f5 45. Kf3 Rc5 46. g3 h5 47. h4+ Kh6 48. Ra7 Rc3+ 49. Kf2 f4 50. gxf4 Rh3 51. Rxa5 Rxh4 52. Kg3 Rg4+ 53. Kf3 Rg1 54. Ra8 Ra1 55. Ra6 Ra3+ 56. Kg2 Kg7 57. Kf2 h4 58. Kg2 Rg3+ 59. Kf2 Rg4 60. Kf3 Rg1 61. Re6 Rg3+ 62. Kf2 Ra3 63. Ra6 h3 64. Kg1 Ra2 65. Kh1 Rf2 66. Ra7+ Kf6 67. Rh7 Rxf4 68. Rxh3 Rxa4 69. Rf3+ Kg5 70. Rf1 Kh4 71. Rb1 g5 72. Kg1 g4 73. Rc1 g3 74. Rb1 Kh3 75. Rc1 Ra2 76. Rb1 Rg2+ 77. Kh1 Rh2+ 78. Kg1 Rg2+ 79. Kh1 1/2-1/2

[Event "Oberliga Bayern 1920"]
[Site "Bayern"]
[Date "2019.12.08"]
[Round "4.3"]
[White "Duer, Werner"]
[Black "Schulz, Lukas"]
[Result "0-1"]
[WhiteElo "2237"]
[BlackElo "2316"]
[PlyCount "72"]
[EventDate "2019.10.20"]
[EventType "team-tourn"]
[EventRounds "9"]
[EventCountry "GER"]
[SourceTitle "EXT 2021"]
[Source "ChessBase"]
[SourceDate "2020.10.23"]
[SourceVersion "1"]
[SourceVersionDate "2020.10.23"]
[SourceQuality "1"]
[WhiteTeam "Pang/Rosenheim"]
[BlackTeam "Erlangen SC"]
[WhiteTeamCountry "GER"]
[BlackTeamCountry "GER"]

1. Nf3 Nf6 2. g3 g6 3. b3 Bg7 4. Bb2 0-0 5. Bg2 d6 6. d4 Nbd7 7. 0-0 Re8 8. c4 e5 9. Nc3 e4 10. Ne1 d5 11. Nc2 c6 12. cxd5 cxd5 13. Ne3 Nf8 14. b4 Ne6 15. b5 h5 16. Qa4 h4 17. Rfd1 Bh6 18. Nexd5 Nxd5 19. Nxe4 Bg7 20. Qb3 Nec7 21. Rac1 b6 22. Rc6 Bf8 23. Rxc7 Nxc7 24. d5 Bg7 25. d6 Be6 26. dxc7 Qxc7 27. Qb4 Rad8 28. Rxd8 Qxd8 29. Bxg7 Kxg7 30. Nd6 Rh8 31. Bc6 Qf6 32. Qb1 Qe5 33. e3 Kf8 34. Qb4 Kg8 35. e4 hxg3 36. hxg3 Qa1+ 0-1

[Event "Oberliga Bayern 1920"]
[Site "Bayern"]
[Date "2019.11.24"]
[Round "3.3"]
[White "Quast, Michael"]
[Black "Duer, Werner"]
[Result "1-0"]
[WhiteElo "2283"]
[BlackElo "2237"]
[PlyCount "143"]
[EventDate "2019.10.20"]
[EventType "team-tourn"]
[EventRounds "9"]
[EventCountry "GER"]
[SourceTitle "EXT 2021"]
[Source "ChessBase"]
[SourceDate "2020.10.23"]
[SourceVersion "1"]
[SourceVersionDate "2020.10.23"]
[SourceQuality "1"]
[WhiteTeam "Regensburg Post/Sued"]
[BlackTeam "Pang/Rosenheim"]
[WhiteTeamCountry "GER"]
[BlackTeamCountry "GER"]

1. d4 Nf6 2. Bf4 d6 3. e3 Nbd7 4. Nf3 Nh5 5. Bg3 Nxg3 6. hxg3 Nf6 7. Bd3 g6 8. c3 Bg7 9. Nbd2 0-0 10. Qb3 c6 11. Ng5 Qb6 12. Qxb6 axb6 13. Nc4 Ra6 14. a3 b5 15. Nd2 h6 16. Ngf3 d5 17. Ne5 Bf5 18. Bxf5 gxf5 19. Ke2 Ne4 20. Rh5 e6 21. Nxe4 dxe4 22. g4 Bxe5 23. dxe5 fxg4 24. Rxh6 Kg7 25. Rh4 Kg6 26. Rah1 Kf5 27. Rh5+ Kg6 28. Rh6+ Kg7 29. Rf6 Raa8 30. Rh4 Rh8 31. Rxg4+ Kf8 32. Rxe4 Ke7 33. Rff4 Rh1 34. Kd2 c5 35. a4 Rd8+ 36. Kc2 bxa4 37. Rxa4 Rd7 38. Ra7 Rhd1 39. c4 R1d2+ 40. Kb3 R2d3+ 41. Ka2 Rd2 42. Ra8 Rc2 43. Rh8 Re2 44. g4 Re1 45. Rc8 b6 46. Rb8 Ra7+ 47. Kb3 Rc7 48. Rxb6 Ra1 49. Kc2 Ra4 50. Rb8 Ra6 51. g5 Ra1 52. Rh8 Rg1 53. Rxf7+ Kxf7 54. Rh7+ Kg6 55. Rxc7 Rxg5 56. Rxc5 Rg2 57. b4 Rxf2+ 58. Kd3 Kf5 59. b5 Rb2 60. Rc6 Kxe5 61. b6 Rb3+ 62. Ke2 Kf5 63. Rc5+ Ke4 64. Rc6 e5 65. c5 Rb2+ 66. Kd1 Kxe3 67. Rc7 Kd3 68. Kc1 Rb5 69. b7 e4 70. c6 e3 71. Rd7+ Ke4 72. c7 1-0

[Event "Oberliga Bayern 1819"]
[Site "Bayern"]
[Date "2019.04.07"]
[Round "9.7"]
[White "Duer, Werner"]
[Black "Gabler, Eric"]
[Result "1-0"]
[WhiteElo "2225"]
[BlackElo "2106"]
[PlyCount "79"]
[EventDate "2018.10.21"]
[EventType "team-tourn"]
[EventRounds "9"]
[EventCountry "GER"]
[SourceTitle "EXT 2020"]
[Source "ChessBase"]
[SourceDate "2019.10.17"]
[SourceVersion "1"]
[SourceVersionDate "2019.10.17"]
[SourceQuality "1"]
[WhiteTeam "Pang/Rosenheim"]
[BlackTeam "Regensburg Bavaria"]
[WhiteTeamCountry "GER"]
[BlackTeamCountry "GER"]

1. Nf3 d5 2. d4 Nf6 3. c4 e6 4. Nc3 Be7 5. Bg5 0-0 6. e3 h6 7. Bxf6 Bxf6 8. Qd2 a6 9. 0-0-0 dxc4 10. Bxc4 b5 11. Bd3 Bb7 12. Kb1 Nd7 13. Ne4 e5 14. dxe5 Nxe5 15. Nxe5 Bxe5 16. f4 Bd6 17. Qc2 Rc8 18. Nc5 Rb8 19. Nxb7 Rxb7 20. g3 Qb8 21. e4 c5 22. e5 Be7 23. Be4 Rc7 24. Bd5 c4 25. f5 Qb6 26. f6 Bxf6 27. exf6 Qxf6 28. Rhf1 Qe5 29. Rf5 Qe7 30. Rdf1 Qd6 31. Qd2 Qb6 32. Qf4 Qa7 33. g4 Rd7 34. g5 g6 35. Re5 h5 36. Qf6 Kh7 37. Be4 Qd4 38. Bxg6+ fxg6 39. Re7+ Rxe7 40. Qxe7+ 1-0

[Event "Oberliga Bayern 1819"]
[Site "Bayern"]
[Date "2019.01.20"]
[Round "5.7"]
[White "Duer, Werner"]
[Black "Bielmeier, Ludwig"]
[Result "1-0"]
[WhiteElo "2225"]
[BlackElo "2135"]
[PlyCount "89"]
[EventDate "2018.10.21"]
[EventType "team-tourn"]
[EventRounds "9"]
[EventCountry "GER"]
[SourceTitle "EXT 2020"]
[Source "ChessBase"]
[SourceDate "2019.10.17"]
[SourceVersion "1"]
[SourceVersionDate "2019.10.17"]
[SourceQuality "1"]
[WhiteTeam "Pang/Rosenheim"]
[BlackTeam "Deggendorf"]
[WhiteTeamCountry "GER"]
[BlackTeamCountry "GER"]

1. Nf3 Nf6 2. d4 c5 3. e3 cxd4 4. exd4 d5 5. Ne5 Nc6 6. Bb5 Bd7 7. Bxc6 Bxc6 8. 0-0 e6 9. Nd2 Be7 10. c3 0-0 11. Re1 Qc7 12. a4 Rac8 13. Qe2 Bd6 14. Nf1 Be8 15. Bf4 Kh8 16. Nd2 Ng8 17. Bg3 Nh6 18. Nd3 Nf5 19. Be5 Rd8 20. f4 f6 21. Bxd6 Rxd6 22. g4 Nh6 23. h3 Bf7 24. Nf3 Bg8 25. Qh2 Rfd8 26. Re3 Rc6 27. Rae1 b6 28. Nb4 Rcd6 29. Nh4 a5 30. Nd3 Rc6 31. g5 Nf5 32. Nxf5 exf5 33. Qg3 fxg5 34. fxg5 Qxg3+ 35. Rxg3 Rc4 36. g6 hxg6 37. Rxg6 Kh7 38. Nf4 Rd7 39. h4 Bf7 40. Rxb6 Rxa4 41. h5 Rc4 42. Re5 a4 43. Ra6 Rb7 44. Nh3 f4 45. Ng5+ 1-0

[Event "Oberliga Bayern 1819"]
[Site "Bayern"]
[Date "2018.11.25"]
[Round "3.7"]
[White "Duer, Werner"]
[Black "Werner, Claus"]
[Result "1-0"]
[WhiteElo "2225"]
[BlackElo "2191"]
[PlyCount "53"]
[EventDate "2018.10.21"]
[EventType "team-tourn"]
[EventRounds "9"]
[EventCountry "GER"]
[SourceTitle "EXT 2020"]
[Source "ChessBase"]
[SourceDate "2019.10.17"]
[SourceVersion "1"]
[SourceVersionDate "2019.10.17"]
[SourceQuality "1"]
[WhiteTeam "Pang/Rosenheim"]
[BlackTeam "Regensburg Post/Sued"]
[WhiteTeamCountry "GER"]
[BlackTeamCountry "GER"]

1. Nf3 c5 2. c4 Nc6 3. Nc3 g6 4. e3 Bg7 5. d4 Nf6 6. Be2 0-0 7. 0-0 cxd4 8. exd4 d5 9. h3 Be6 10. c5 Ne4 11. Bf4 Rc8 12. Qa4 Qd7 13. Rfd1 Nxc3 14. bxc3 Nxd4 15. Rxd4 Bxd4 16. Qxd4 f6 17. Bh6 Rfd8 18. Ne5 Qc7 19. Ng4 Qc6 20. Rb1 Bf5 21. Bb5 Qxc5 22. Re1 Bxg4 23. Qxg4 Qb6 24. Rxe7 Rc7 25. Qe2 Qd6 26. Re6 Qc5 27. Re8+ 1-0

[Event "AUT-chT 1718"]
[Site "Austria"]
[Date "2018.01.20"]
[Round "7.5"]
[White "Duer, Werner"]
[Black "Halvax, Georg"]
[Result "1/2-1/2"]
[WhiteElo "2224"]
[BlackElo "2419"]
[PlyCount "120"]
[EventDate "2017.11.16"]
[EventType "team-tourn"]
[EventRounds "11"]
[EventCountry "AUT"]
[SourceTitle "EXT 2019"]
[Source "ChessBase"]
[SourceDate "2018.10.10"]
[SourceVersion "1"]
[SourceVersionDate "2018.10.10"]
[SourceQuality "1"]
[WhiteTeam "Absam"]
[BlackTeam "Maria Saal"]
[WhiteTeamCountry "AUT"]
[BlackTeamCountry "AUT"]

1. Nf3 Nf6 2. c4 e6 3. g3 d5 4. Bg2 dxc4 5. Qa4+ Bd7 6. Qxc4 c5 7. 0-0 Bc6 8. b3 Be7 9. Bb2 Nbd7 10. d3 0-0 11. Nbd2 Rc8 12. Qc2 b6 13. Rac1 Qc7 14. Qb1 Qb7 15. Nc4 Rfd8 16. Rfd1 Ne8 17. a3 Bf6 18. b4 cxb4 19. Bxf6 Ndxf6 20. axb4 a6 21. Nce5 Ba4 22. Ng5 Rd5 23. Rxc8 Qxc8 24. Rc1 Qb8 25. Nexf7 h6 26. Nxh6+ gxh6 27. Nxe6 Bd7 28. Bxd5 Nxd5 29. Nd4 Qe5 30. Nc6 Qg5 31. h4 Qf6 32. Qc2 Nd6 33. e4 Bxc6 34. Qxc6 Nxb4 35. Qxb6 a5 36. Qxa5 Nxd3 37. Qa8+ Kh7 38. Qa7+ Nf7 39. Rc7 Kg7 40. f4 Nb2 41. Rxf7+ Qxf7 42. Qd4+ Qf6 43. e5 Qc6 44. Qxb2 Qf3 45. Kh2 Kg6 46. Qc2+ Kg7 47. f5 Qe3 48. f6+ Kf7 49. Qc4+ Kg6 50. Qg4+ Kf7 51. Qf5 Qe2+ 52. Kh3 h5 53. Qd7+ Kg6 54. Qg7+ Kf5 55. Qg5+ Ke6 56. Qg8+ Kf5 57. Qd5 Kg6 58. Qg8+ Kf5 59. Qd5 Kg6 60. Qg8+ Kf5 1/2-1/2

[Event "Oberbayern Bezirksliga 1617"]
[Site "Germany"]
[Date "2017.04.02"]
[Round "8.1"]
[White "Wimmer, Alfred"]
[Black "Duer, Werner"]
[Result "1/2-1/2"]
[WhiteElo "1998"]
[BlackElo "2181"]
[PlyCount "43"]
[EventDate "2016.10.16"]
[EventType "team-tourn"]
[EventRounds "9"]
[EventCountry "GER"]
[SourceTitle "EXT 2019"]
[Source "ChessBase"]
[SourceDate "2018.10.10"]
[SourceVersion "1"]
[SourceVersionDate "2018.10.10"]
[SourceQuality "1"]
[WhiteTeam "Moosburg SC"]
[BlackTeam "Pang/Rosenheim"]
[WhiteTeamCountry "GER"]
[BlackTeamCountry "GER"]

1. Nf3 d5 2. g3 c6 3. Bg2 Bg4 4. d3 Nd7 5. 0-0 e5 6. e4 dxe4 7. dxe4 Ngf6 8. Qe1 a5 9. a4 Bc5 10. Na3 0-0 11. Nc4 Re8 12. Bd2 b6 13. h3 Bxf3 14. Bxf3 Qe7 15. Qe2 Bb4 16. Be3 Bc5 17. Rfd1 Bxe3 18. Qxe3 Qb4 19. Be2 Rab8 20. Ra3 Qc5 21. Qxc5 Nxc5 22. f3 1/2-1/2

[Event "Oberbayern Bezirksliga 1617"]
[Site "Germany"]
[Date "2017.02.05"]
[Round "5.1"]
[White "Duer, Werner"]
[Black "Velickovic, Zoran"]
[Result "1/2-1/2"]
[WhiteElo "2181"]
[BlackElo "2296"]
[PlyCount "114"]
[EventDate "2016.10.16"]
[EventType "team-tourn"]
[EventRounds "9"]
[EventCountry "GER"]
[SourceTitle "EXT 2019"]
[Source "ChessBase"]
[SourceDate "2018.10.10"]
[SourceVersion "1"]
[SourceVersionDate "2018.10.10"]
[SourceQuality "1"]
[WhiteTeam "Pang/Rosenheim"]
[BlackTeam "Freilassing"]
[WhiteTeamCountry "GER"]
[BlackTeamCountry "GER"]

1. Nf3 c5 2. c4 g6 3. Nc3 Bg7 4. e3 Nf6 5. d4 0-0 6. Be2 cxd4 7. Nxd4 d5 8. cxd5 Nxd5 9. Bd2 Nc6 10. Nxc6 bxc6 11. 0-0 Rb8 12. Qc1 Nb4 13. Rd1 Nd3 14. Qc2 Rxb2 15. Qxd3 Qxd3 16. Bxd3 Rxd2 17. Rxd2 Bxc3 18. Rdd1 Bxa1 19. Rxa1 Be6 20. Kf1 Rb8 21. Rc1 Rb2 22. a4 Ra2 23. Bc4 Bxc4+ 24. Rxc4 Kf8 25. g4 Ke8 26. g5 Kd7 27. Rd4+ Ke6 28. Re4+ Kd6 29. Rf4 c5 30. Ke1 a5 31. Rxf7 Rxa4 32. Rxh7 Ra1+ 33. Kd2 Ra2+ 34. Kd3 Rxf2 35. Rh6 e6 36. Rxg6 Rxh2 37. Rg8 Rg2 38. g6 a4 39. Rd8+ Ke7 40. Rc8 Rxg6 41. Rxc5 Rg4 42. Ra5 Rb4 43. Kc3 Rb3+ 44. Kc2 Ra3 45. e4 Kf6 46. Kb2 Rb3+ 47. Kc2 Rb4 48. Kd3 e5 49. Ra8 Rd4+ 50. Ke3 Rb4 51. Kd3 Rb3+ 52. Kc4 Rb1 53. Rf8+ Kg6 54. Rg8+ Kh6 55. Ra8 Re1 56. Kd3 Rd1+ 57. Ke3 Rd4 1/2-1/2